Formule 1 - Pilotes selon la description Wikipédia #2 - Statistiques

Statistiques générales
  • Ce quiz a été pris 466 fois
  • Le résultat moyen est 12 sur 20
Statistiques - réponses
Descriptions Pilote % Correct
[...], né le 1er septembre 1994 à Madrid, est un pilote automobile espagnol, fils du double champion du monde de rallye [...]. Ancien membre de la Red Bull Junior Team, il fait ses débuts en Formule 1 en 2015 avec la Scuderia Toro Rosso. Il pilote pour Renault lors du championnat 2018 puis est engagé par McLaren Racing pour la saison 2019. Le 14 mai 2020, [...] signe avec la Scuderia Ferrari pour rejoindre l'équipe en 2021, en remplacement de Sebastian Vettel ; il obtient quatre podiums lors de sa première année avec l'écurie italienne. Non reconduit par Ferrari à l'issue de la saison 2024, il rejoint Williams à partir de 2025. Carlos Sainz Jr.
99%
[...], né le 6 avril 2001 à Melbourne, est un pilote automobile australien. Membre de l'Alpine Academy de fin 2019 à 2021, il remporte consécutivement les championnats de Formula Renault Eurocup, FIA Formule 3 et FIA Formule 2. Pilote de réserve pour Alpine F1 Team lors de la saison 2022 de Formule 1, il est officialisé chez McLaren Racing en tant que titulaire pour la saison suivante le 2 septembre 2022. Lors du Grand Prix de Hongrie 2024, il remporte sa première victoire en Formule 1. Oscar Piastri
80%
[...], né le 15 février 1998 à King's Lynn, est un pilote automobile britannique. Vainqueur du championnat de GP3 Series en 2017 puis de Formule 2 en 2018, il fait ses débuts en Formule 1 l'année suivante, au sein de l'écurie Williams. À partir de 2022, il est engagé par l'écurie huit fois championne du monde Mercedes Grand Prix et fait équipe avec Lewis Hamilton. Il remporte sa première victoire à l'arrivée du Grand Prix de São Paulo 2022. Il renoue avec le succès deux ans plus tard, au Grand Prix d'Autriche 2024. George Russell
77%
[...], né le 17 avril 1986 à Genève, est un pilote automobile helvético-français. Avec 179 Grands Prix de Formule 1 disputés entre 2009 et 2020, il compte dix podiums, acquis entre 2012 et 2015 pour Lotus F1 Team. Il est notamment victime d'un grave accident lors du Grand Prix de Bahreïn en 2020, duquel il ressort presque indemne ; il ne présente que des brûlures aux mains et aux pieds. Romain Grosjean
76%
[...], né le 7 février 1996 à Rouen (Seine-Maritime), est un pilote automobile français, ancien membre du Red Bull Junior Team. Il fait ses débuts en Formule 1 avec la Scuderia Toro Rosso, au Grand Prix de Malaisie 2017 où il remplace Daniil Kvyat. Titularisé dans cette équipe en 2018, il marque ses premiers points en finissant quatrième du Grand Prix de Bahreïn. L'année suivante, il rejoint l'écurie Red Bull Racing, aux côtés de Max Verstappen. Il est remplacé par Alexander Albon à partir du Grand Prix de Belgique et retourne chez Toro Rosso ; il devient à 23 ans, 9 mois et 10 jours, le plus jeune Français à monter sur un podium. Lors du Grand Prix d'Italie, il remporte la première victoire de sa carrière et devient le treizième pilote français, ainsi que le plus jeune, à s'imposer en Formule 1, vingt-quatre ans après Olivier Panis à Monaco en 1996. [...] rejoint Alpine en 2023. Pierre Gasly
74%
[...], né le 19 août 1987 à Emmerich am Rhein, en Rhénanie-du-Nord-Westphalie en Allemagne, est un pilote automobile allemand. Il fait ses débuts en Formule 1 en 2010 au sein de l'écurie Williams F1 Team. Après une saison chez Sauber en 2013, il retourne chez Force India en 2014. Après trois saisons dans l'équipe indienne, [...] rejoint Renault F1 Team en 2017. Malgré des performances honorables, il détient, depuis le Grand Prix de Singapour 2017, le record du nombre de participations en Grands Prix sans être monté sur le podium, détrônant Adrian Sutil. L'Allemand revient à nouveau en 2022, lors de deux épreuves avec Aston Martin, afin de remplacer Sebastian Vettel, testé positif à la Covid-19. L'année suivante, il est titularisé au sein de l'écurie Haas F1 Team, avant d'effectuer son retour chez Sauber en 2025. Nico Hülkenberg
66%
[...], né le 3 août 1989 à Nice et mort le 17 juillet 2015 dans la même ville, est un pilote automobile français. Issu d'une célèbre famille du sport automobile, il est le petit-fils de Mauro [...] et le petit-neveu de Lucien [...]. Il participe à 34 Grands Prix de Formule 1 entre 2013 et 2014. Lors du Grand Prix du Japon 2014, se déroulant sous une pluie battante, [...] domine largement les Caterham et son équipier, mais au 43e tour, il percute au niveau de la courbe Dunlop un engin de levage Caterpillar 910H qui dégageait la Sauber d'Adrian Sutil, accidentée au même endroit une boucle plus tôt, qui lui sera fatal après plusieurs mois dans le coma. Jules Bianchi
65%
[...] né le 19 janvier 1980 à Frome dans le Somerset, est un pilote automobile britannique champion du monde de Formule 1 en 2009 au volant d'une Brawn-Mercedes. Il dispute, de 2000 à 2016, dix-sept saisons dans la discipline, prend 305 départs et totalise 8 pole positions et 15 victoires pour 50 podiums. Il devient MBE en 2009. Jenson Button
63%
[...], né le 17 août 1952 à Rio de Janeiro au Brésil, est un pilote automobile brésilien. Il a notamment remporté le titre de champion du monde de Formule 1 à trois reprises en 1981, 1983 (avec Brabham) et 1987 (avec Williams) où il battra Niki Lauda, Alain Prost et Ayrton Senna notamment. Nelson Piquet
61%
[...], né le 7 décembre 1984 à Cracovie, est un pilote automobile polonais. Après la mise à l'écart du pilote canadien Jacques Villeneuve lors du Grand Prix de Hongrie 2006, il devient le premier Polonais au départ d'un Grand Prix de Formule 1. Le 8 juin 2008, au Grand Prix du Canada, [...] devient le premier pilote polonais à remporter une victoire en Formule 1. Sa carrière au sommet du sport automobile en monoplace s'interrompt à la suite d'un grave accident en rallye en février 2011 dont les séquelles empêchent son retour en Formule 1. Toutefois, il s'engage à nouveau en rallye pour la saison 2013 de WRC-2 et remporte le titre. Robert Kubica
60%
[...], né le 23 mai 1972 à São Paulo, Brésil, est un pilote de course automobile brésilien qui a fait ses débuts en Formule 1 en 1993 et a disputé 323 Grands Prix où il a remporté 11 victoires, réalisé 14 pole positions, 17 meilleurs tours en course et est monté 68 fois sur le podium. Il a notamment couru aux côtés de Michael Schumacher chez Ferrari de 2000 à 2005. Rubens Barrichello
58%
[...], né le 13 juillet 1918 à Milan, Italie et mort le 26 mai 1955 à Monza, est un pilote de course automobile italien. Il a remporté le championnat du monde de Formule 1 à deux reprises avant de se tuer lors d'une séance d'essais privés sur le circuit de Monza, en Italie, quatre jours après avoir été secouru de la noyade, après être tombé dans le port de Monaco au volant de sa Lancia D50. Alberto Ascari
55%
[...], né le 11 juin 1964 à Montfavet sur la commune d'Avignon (Vaucluse), est un pilote automobile français. Il a notamment participé, durant treize saisons et 201 Grands Prix, de 1989 à 2001, au championnat du monde de Formule 1, remportant une victoire sur Ferrari au Canada et terminant trente-deux fois sur le podium. Jean Alesi
53%
[...] est un pilote automobile britannique né le 8 août 1953 à Upton-upon-Severn (Worcestershire). Il a pris le départ de 187 Grands Prix de Formule 1, obtenu 482 points, remporté 31 victoires, 32 pole positions et gagné le championnat du monde de Formule 1 en 1992. Nigel Mansell
51%
[...] est un pilote automobile colombien né le 20 septembre 1975 à Bogota (Colombie). En Formule 1 entre 2001 et 2006, il a remporté sept Grands Prix. Il a quitté la F1 en juillet 2006 pour se reconvertir dans les épreuves de Nascar puis d'IndyCar aux États-Unis. Il est le seul pilote à avoir remporté le Grand Prix de Monaco en Formule 1, les 500 miles d'Indianapolis, les 24 Heures de Daytona, le titre Champ Car en monoplace aux États-Unis, deux courses de Nascar et la Race of Champions. À une époque où les pilotes se spécialisent plus dans une catégorie en particulier, [...] a su gagner sur diverses machines et dans divers types de championnats. Juan Pablo Montoya
49%
[...], né le 30 juin 1975 à Hürth-Hermülheim, près de Cologne en Allemagne de l'Ouest, est un pilote automobile allemand, qui a notamment disputé le championnat du monde de Formule 1 de 1997 à 2007. En 180 départs en Formule 1, il a inscrit 329 points, remporté six courses, obtenu vingt-sept podiums, six pole positions et huit meilleurs tours en course. [...] a terminé à deux reprises, en 2001 et 2002, à la quatrième place du championnat du monde des pilotes. Ralf Schumacher
42%
[...] est un pilote automobile italien né le 14 janvier 1973 à Rome en Italie. Il dispute le championnat du monde de Formule 1 entre 1996 et 2009. Après avoir accompli la majeure partie de sa carrière chez Jordan Grand Prix, Benetton Formula, et Renault F1 Team, puis la saison 2008 et un début de saison 2009 pour la nouvelle écurie indienne Force India, dont il marque les premiers points, il rejoint la Scuderia Ferrari en remplacement de Felipe Massa, blessé, avant le Grand Prix d'Italie 2009, à l'âge de 36 ans. Giancarlo Fisichella
37%
[...], né le 13 septembre 1986 à Amagasaki, dans la préfecture de Hyōgo au Japon, est un pilote automobile japonais. Il fait ses débuts en Formule 1 fin 2009 chez Toyota où il remplace Timo Glock, indisponible pour cause de blessure. Il participe à 75 Grands Prix avant de partir en endurance en 2015. En 2021, il remporte les 89e 24 Heures du Mans avec l'écurie Toyota. Il participe également au championnat de Super Formula au Japon depuis 2015. Kamui Kobayashi
36%
[...], né le 10 novembre 1965 à Bangor, est un pilote automobile nord-irlandais. Il a notamment disputé 146 Grands Prix de Formule 1 entre 1993 et 2002 et remporté quatre victoires pour un titre de vice-champion du monde en 1999. Eddie Irvine
28%
[...], né le 10 mai 1977 à Mönchengladbach, est un pilote automobile allemand. De 2000 à 2011, il participe à 183 Grands Prix de Formule 1, pour treize podiums inscrits.[...] fait ses débuts en Formule 1 en 2000 chez Prost Grand Prix, où il ne marque aucun point. Transféré chez Sauber, il se révèle en montant sur son premier podium. Il rejoint Jordan pour la saison 2004 et marque quelques points. En 2005, l'Allemand signe avec BMW-Williams et parvient à décrocher trois podiums, sans pour autant gagner. En 2006, il rejoint BMW Sauber et réalise quelques places d'honneur, dont un podium. En 2007, [...] se classe cinquième du classement général, notamment grâce à sa régularité à obtenir des points. Nick Heidfeld
25%
Aucun quiz correspondant
Distribution des résultats
% des personnes avec chaque résultat
Percentile par nombre de réponses
Votre historique - résultats
Vous n’avez pas pris ce quiz